00922cam a2200265 a 4500008004100000020002200041049000900063090001800072100002000090245009500110260004100205300003900246504004100285500002000326650002700346700002100373700002100394907003500415003000100450005001700451040000900468942002500477999001700502952013700519  a0073526975 (hbk.) aMAIN aHF5657.4bNOR1 aNoreen, Eric W.10aManagerial accounting for managers /cEric W. Noreen, Peter C. Brewer and Ray H. Garrison. aBoston :bMcGraw-Hill Irwin,cc2008. axxvi, 646 p. :bcol ill. ;c29 cm. aIncludes bibliographical references. aIncludes index. 0aManagerial accounting.1 aBrewer, Peter C.1 aGarrison, Ray H. a.b10286287b28-11-14c04-11-1020230120133832.0 cNUST cBOOKSkHF5657.4mNOR c96287d96287 r2023-01-20 00:00:00l1oHF5657.4 NORp92004015868v80.00w2023-01-20yBOOKS102LCC40708NFIC00aGSBbGSBcGENd2023-01-20g80.00